| 000 | 00827nam a2200229 a 4500 | ||
|---|---|---|---|
| 005 | 20140310183402.0 | ||
| 008 | 121115s19uu xx 00 eng d | ||
| 020 | _a1412925800 | ||
| 050 |
_aLB 3013.3 _b.R63 2006 |
||
| 100 | _aRoberts, Walter B. | ||
| 245 |
_aBullying from both sides : _bstrategic interventions for working with bullies & victims / _cWalter B. Roberts, Jr. ; foreword by Rosalind Wiseman. |
||
| 260 |
_aThousand Oaks, Calif. ; London : _bCorwin ; SAGE, _c2006. |
||
| 300 |
_axv, 191 p. : _bill. ; _c26 cm. |
||
| 500 | _aIncludes bibliographical references (p.173-184) and index. | ||
| 521 | _aEDU | ||
| 650 |
_aBullying in schools _xPrevention |
||
| 650 |
_aBullying _xPrevention |
||
| 650 |
_aSchool violence _xPrevention |
||
| 650 | _aConflict management | ||
| 942 |
_cBK _2lcc _kFOR |
||
| 999 |
_c22332 _d22332 |
||